[Event "Titled Tue 3rd Jan Late"]
[Site "chess.com INT"]
[Date "2025.06.03"]
[Round "10"]
[White "Kobalia, Mikhail"]
[Black "Asish Panda"]
[Result "1-0"]
[WhiteTitle "GM"]
[WhiteElo "2538"]
[BlackElo "1911"]
[WhiteFideId "4119150"]
[BlackFideId "45012458"]
[EventDate "2025.06.03"]

1. Nf3 d5 2. e3 Nf6 3. c4 e6 4. b3 Be7 5. Bb2 O-O 6. Be2 b6 7. O-O Bb7 8. d4
Nbd7 9. Nc3 Ne4 10. Nxe4 dxe4 11. Nd2 f5 12. a3 c5 13. b4 cxd4 14. Bxd4 Bf6 15.
Nb3 Rc8 16. Rc1 e5 17. Ba1 f4 18. Bg4 Rc7 19. c5 bxc5 20. Na5 Ba6 21. Qb3+ c4
22. Nxc4 Kh8 23. Rfd1 Qe7 24. b5 Nc5 25. Qb4 Bc8 26. Bxc8 Rfxc8 27. Nd6 Rd8 28.
Nxe4 Nxe4 29. Qxe4 Rxc1 30. Rxc1 Qxa3 31. Rf1 fxe3 32. fxe3 Qd3 33. Qxd3 Rxd3
34. Bxe5 Rxe3 35. Bxf6 gxf6 36. Rxf6 Rb3 37. Rf5 Rb2 38. h4 Kg7 39. Kh2 h6 40.
Kh3 Rb3+ 41. g3 Rb4 42. h5 Rb3 43. Kg4 Rb4+ 44. Kf3 Rb3+ 45. Kf4 Rb4+ 46. Ke3
Rb3+ 47. Kf4 Rb4+ 48. Kf3 Rb3+ 49. Kg4 Rb4+ 50. Kh3 Rb3 51. Rc5 Rb4 52. Kg2 Rb2+
53. Kf3 Rb3+ 54. Kf4 Rb4+ 55. Kf5 Rb3 56. Rc7+ Kg8 57. Rb7 Rxg3 58. Ke6 Rg5 59.
Kd6 Rxh5 60. Kc6 Rg5 61. Rxa7 Rg6+ 62. Kc5 Rg5+ 63. Kb4 Rg4+ 64. Ka5 Rg5 65. Ka6
h5 66. b6 Rg1 67. Rd7 Ra1+ 68. Kb5 Rb1+ 69. Kc6 Kf8 70. b7 Ke8 71. Rh7 Kd8 72.
Rh8+ Ke7 73. b8=Q Rxb8 74. Rxb8 Ke6 75. Rh8 1-0

[Event "Titled Tue 3rd Jan Late"]
[Site "chess.com INT"]
[Date "2025.06.03"]
[Round "10"]
[White "Naroditsky, Daniel"]
[Black "Firouzja, Alireza"]
[Result "0-1"]
[WhiteTitle "GM"]
[BlackTitle "GM"]
[WhiteElo "2619"]
[BlackElo "2757"]
[WhiteFideId "2026961"]
[BlackFideId "12573981"]
[EventDate "2025.06.03"]

1. d4 g6 2. e4 Bg7 3. Nc3 a6 4. f4 b5 5. Nf3 Bb7 6. Bd3 d6 7. a4 c5 8. axb5 cxd4
9. Ne2 Nf6 10. bxa6 Nxa6 11. e5 dxe5 12. fxe5 Ng4 13. Bb5+ Kf8 14. O-O Nxe5 15.
Nxe5 Bxe5 16. Bc4 f6 17. Bh6+ Ke8 18. Qd3 Nc5 19. Bb5+ Kf7 20. Qc4+ Qd5 21. Rad1
Ne6 22. Qxd5 Bxd5 23. c3 Rhb8 24. cxd4 Rxb5 25. dxe5 Bc4 26. Rf2 Rxe5 27. Nc3 g5
28. h4 Kg6 29. hxg5 fxg5 30. Rd7 Re8 31. Bxg5 Nxg5 32. Rf4 Be6 33. Rc7 h5 34. b4
Bf5 35. b5 Ne6 36. Rc6 Kg5 37. Rf3 Nd4 38. Rg3+ Kf4 39. Kf2 Nxc6 40. Rg7 Bg4 41.
bxc6 Rc8 42. Rxe7 Rxe7 43. Nd5+ Ke5 44. Nxe7 Rc7 45. Ng6+ Kf6 46. Nf4 Rxc6 47.
Nd3 Kf5 48. Kg1 Ke4 49. Nf2+ Ke3 50. Nh1 h4 51. Kh2 Rc2 52. Kg1 Bf5 53. Kh2 Be4
54. Kh3 Bxg2+ 55. Kh2 Bxh1+ 56. Kh3 Kf4 0-1

[Event "Titled Tue 3rd Jan Late"]
[Site "chess.com INT"]
[Date "2025.06.03"]
[Round "10"]
[White "Arya G Mallar"]
[Black "Fomevor, Cephas Clinton"]
[Result "0-1"]
[WhiteTitle "WCM"]
[BlackTitle "CM"]
[WhiteElo "2014"]
[BlackElo "1883"]
[WhiteFideId "25115324"]
[BlackFideId "12601330"]
[EventDate "2025.06.03"]

1. d4 d5 2. c4 c6 3. Nf3 Nf6 4. Nc3 a6 5. c5 Bf5 6. Qb3 Ra7 7. g3 Nbd7 8. Bg2 e6
9. O-O Be7 10. h3 O-O 11. Nh4 Bg6 12. Nxg6 hxg6 13. Bf4 Nh5 14. Bd2 e5 15. e3
exd4 16. exd4 Nhf6 17. Rfe1 Re8 18. Na4 Bf8 19. Rxe8 Nxe8 20. Re1 Nc7 21. h4 Ne6
22. Bc3 Nf6 23. Nb6 Nd7 24. Na4 Nf6 25. Qc2 Nc7 26. Ba5 Qd7 27. Nb6 Qd8 28. Qd2
Nd7 29. Qf4 Nf6 30. Bh3 Ne4 31. f3 Nxc5 32. dxc5 Bxc5+ 33. Kg2 Nb5 34. Bd7 Kh7
35. Re8 Qf6 36. Qb8 Qxb2+ 37. Kh3 g5 38. h5 g6 39. hxg6+ Kxg6 40. Qxa7 Qf2 41.
Rg8+ Kf6 42. Qb8 Qf1+ 43. Kg4 Qe2 44. Qd8+ Be7 45. Qc7 Qc4+ 46. Nxc4 dxc4 0-1

[Event "Titled Tue 3rd Jan Late"]
[Site "chess.com INT"]
[Date "2025.06.03"]
[Round "10"]
[White "Ozalp, Burak"]
[Black "Gerbelli Neto, Eduardo"]
[Result "0-1"]
[WhiteTitle "CM"]
[WhiteElo "2059"]
[BlackElo "2114"]
[WhiteFideId "6314210"]
[BlackFideId "2103281"]
[EventDate "2025.06.03"]

1. Nf3 Nf6 2. b3 d5 3. Bb2 c5 4. g3 Nc6 5. Bg2 Bf5 6. O-O e6 7. e3 h6 8. d3 Be7
9. Nbd2 O-O 10. a3 Re8 11. Qe2 Bh7 12. e4 d4 13. Nh4 Nd7 14. Nhf3 Qc7 15. Ne1 b5
16. f4 Rac8 17. Nef3 Nb6 18. Rae1 c4 19. Nxd4 Nxd4 20. Bxd4 Bxa3 21. Qg4 Bf8 22.
f5 Qd7 23. Bxg7 Bxg7 24. f6 Bg6 25. fxg7 cxd3 26. Qf4 Qd4+ 27. Kh1 Kxg7 28. Nf3
Qd8 29. Ne5 Qg5 30. Nxg6 Qxg6 31. cxd3 Rc2 32. Rf2 Rec8 33. h3 Nd7 34. Ref1 Rxf2
35. Rxf2 Nf6 36. g4 Qg5 37. e5 Rc1+ 38. Kh2 Qxf4+ 39. Rxf4 Nd7 40. Rb4 Nxe5 41.
Rxb5 Nxd3 42. Rb7 a5 43. Ra7 Rc2 44. Kg3 Ne1 45. Be4 Rc5 46. h4 Kf6 47. Kf2 h5
48. Kxe1 hxg4 49. Kf2 Ke5 50. Ba8 f5 51. h5 Rc2+ 52. Ke1 Rh2 53. Rxa5+ Kf4 54.
Ra6 e5 55. Rh6 g3 56. Kf1 e4 57. b4 Kf3 58. Bd5 Rh1# 0-1

[Event "Titled Tue 3rd Jan Late"]
[Site "chess.com INT"]
[Date "2025.06.03"]
[Round "10"]
[White "Guo, Felix"]
[Black "Guliev, Gasan"]
[Result "0-1"]
[BlackTitle "CM"]
[WhiteElo "2078"]
[BlackElo "2123"]
[WhiteFideId "30997550"]
[BlackFideId "34165638"]
[EventDate "2025.06.03"]

1. e4 c5 2. Nf3 Nc6 3. c3 Nf6 4. Bd3 e6 5. Bc2 d5 6. e5 Nd7 7. d4 b6 8. O-O Be7
9. Re1 Bb7 10. Bf4 Rc8 11. Nbd2 cxd4 12. cxd4 Nb4 13. Bb1 Qc7 14. a3 Nc2 15.
Bxc2 Qxc2 16. Qxc2 Rxc2 17. Rac1 Rxc1 18. Rxc1 Bd8 19. h4 h6 20. g4 O-O 21. Kg2
f6 22. Bg3 Ba6 23. Nf1 Bxf1+ 24. Kxf1 fxe5 25. dxe5 Rxf3 26. Rc8 Rf8 27. Ra8 a5
28. Ke2 Nc5 29. f3 Bc7 30. Ra7 Bb8 31. Ra8 Nd7 32. f4 g5 33. hxg5 hxg5 34. fxg5
Bxe5 35. Ra7 Bxg3 36. Rxd7 Rf2+ 37. Ke3 Rxb2 38. Rb7 e5 39. Kd3 e4+ 40. Ke3 Be5
41. Rd7 Rb3+ 42. Ke2 d4 43. Rd5 d3+ 44. Ke3 Rb2 45. Rxe5 Re2+ 46. Kf4 d2 47. Rd5
e3 48. Rd8+ Kf7 49. Rd7+ Ke6 50. Rd8 Re1 51. g6 d1=Q 52. Re8+ Kd7 53. g7 Rf1+
54. Kg5 Qd5+ 55. Kg6 Kxe8 56. g5 Qf7+ 57. Kh7 Rh1# 0-1

[Event "Titled Tue 3rd Jan Late"]
[Site "chess.com INT"]
[Date "2025.06.03"]
[Round "10"]
[White "Rozman, Levy"]
[Black "Adewumi, Tanitoluwa"]
[Result "1/2-1/2"]
[WhiteTitle "IM"]
[BlackTitle "FM"]
[WhiteElo "2324"]
[BlackElo "2376"]
[WhiteFideId "2039877"]
[BlackFideId "30966396"]
[EventDate "2025.06.03"]

1. d4 Nf6 2. Bg5 e6 3. Nd2 h6 4. Bh4 d5 5. e3 Nbd7 6. Bd3 c5 7. c3 Be7 8. Bxf6
Nxf6 9. f4 Qc7 10. Ngf3 cxd4 11. cxd4 O-O 12. Ne5 Qb6 13. Qb3 Bb4 14. Ke2 Qa5
15. Ndf3 Ne4 16. a3 Be7 17. Bxe4 dxe4 18. Nd2 f6 19. Ndc4 Qd5 20. Ng4 Qh5 21. h3
f5 22. Ne5 b6 23. Kf2 fxg4 24. hxg4 Qe8 25. Rac1 Bd6 26. Kg3 Bb7 27. Rh5 Bd5 28.
Qd1 Bxe5 29. dxe5 Rc8 30. Rxc8 Qxc8 31. g5 hxg5 32. fxg5 Qe8 33. Qh1 Kf7 34. Rh7
Rg8 35. Qh6 Qf8 36. Qh1 Ke8 37. Qc1 Kd7 38. Qd1 Qf5 39. Qa4+ Kc7 40. Rh3 Qxe5+
41. Kf2 Qxb2+ 42. Kg3 Qe5+ 43. Kg4 Qf5+ 44. Kg3 Qxg5+ 45. Kf2 Rf8+ 46. Kg1 Qe5
47. Qxa7+ Bb7 48. Qa4 Qa1+ 49. Kh2 Rf1 50. Qc4+ Bc6 51. Qxe6 Rh1+ 52. Kg3 Qf6
53. Qg8 Qe5+ 54. Kf2 Qf6+ 55. Kg3 Bb5 56. Rxh1 Qg5+ 57. Kh2 Qh4+ 58. Kg1 Qe1+
59. Kh2 Qh4+ 60. Kg1 Qe1+ 61. Kh2 Qh4+ 1/2-1/2

[Event "Titled Tue 3rd Jan Late"]
[Site "chess.com INT"]
[Date "2025.06.03"]
[Round "10"]
[White "Lyakh, Vasiliy"]
[Black "Ambartsumova, Karina"]
[Result "1/2-1/2"]
[BlackTitle "IM"]
[WhiteElo "2116"]
[BlackElo "2403"]
[WhiteFideId "14189828"]
[BlackFideId "4166299"]
[EventDate "2025.06.03"]

1. d4 Nf6 2. c4 e6 3. g3 d5 4. Nf3 dxc4 5. Bg2 Nc6 6. Qa4 Bb4+ 7. Bd2 Nd5 8.
Bxb4 Nxb4 9. O-O O-O 10. a3 Nd5 11. Qxc4 Bd7 12. Nc3 Be8 13. Rfd1 a6 14. Rac1
Na5 15. Qa2 Nxc3 16. bxc3 Ba4 17. Rd3 Bb3 18. Qb2 Bc4 19. Rdd1 c6 20. Ne5 Bb3
21. Rd3 f6 22. Nf3 Bc4 23. Rdd1 b5 24. Re1 Rc8 25. Nd2 Qc7 26. Nxc4 Nxc4 27. Qa2
Rfe8 28. a4 Qd6 29. e3 Rb8 30. Bf1 Nb6 31. a5 Nd7 32. c4 Kh8 33. cxb5 cxb5 34.
Rc2 e5 35. Rd1 Rb7 36. Rcd2 Qe7 37. Qd5 Rc7 38. Bg2 exd4 39. Rxd4 Ne5 40. Rh4 h6
41. Re4 Qf8 42. h3 Rd7 43. Qb3 Red8 44. Red4 Rxd4 45. Rxd4 Nc4 46. Qc3 Qe7 47.
Kh2 Kh7 48. Rxd8 Qxd8 49. Qc2+ Kh8 50. Qc3 Qd6 51. Bb7 Qe6 52. Bg2 Qd6 53. Bb7
Ne5 54. Bg2 Nc4 1/2-1/2

[Event "Titled Tue 3rd Jan Late"]
[Site "chess.com INT"]
[Date "2025.06.03"]
[Round "10"]
[White "Rosen, Eric"]
[Black "Drygalov, Andrey"]
[Result "0-1"]
[WhiteTitle "IM"]
[BlackTitle "GM"]
[WhiteElo "2377"]
[BlackElo "2431"]
[WhiteFideId "2032562"]
[BlackFideId "24171735"]
[EventDate "2025.06.03"]

1. d4 Nf6 2. Bf4 d5 3. Nf3 e6 4. e3 Bd6 5. Ne5 O-O 6. Nd2 c5 7. c3 Qc7 8. Bd3
Nbd7 9. Ndf3 Ne4 10. O-O f6 11. Nxd7 Bxd7 12. Bxe4 dxe4 13. Bxd6 Qxd6 14. dxc5
Qc7 15. Nd2 Bc6 16. Qb3 Bd5 17. c4 Bc6 18. Qc2 f5 19. b4 Qe5 20. Nb3 f4 21. exf4
Rxf4 22. Rae1 Raf8 23. Re3 Qg5 24. Rg3 Qf6 25. Re3 Qg5 26. b5 Be8 27. Rg3 Qf6
28. Qe2 h5 29. Re3 Bg6 30. Nd2 Qe5 31. Nb3 h4 32. h3 Bh5 33. Qd2 Qg5 34. Kh2 Qe5
35. Qd6 Qf6 36. Nd4 Bf7 37. c6 bxc6 38. bxc6 Rd8 39. c5 Rxd6 40. cxd6 Qxd4 41.
c7 Qc5 42. Rd1 Be8 43. d7 Bxd7 44. Rxd7 Rf8 45. Rb3 Qe5+ 46. Kg1 Qa1+ 47. Kh2
Qe5+ 48. Kg1 Qf4 49. Rb2 Qc1+ 50. Kh2 Qxb2 51. Rd8 Qe5+ 52. f4 Qxc7 53. Rd1
Qxf4+ 54. Kh1 Qg3 55. Rg1 Rf2 56. a4 e3 57. a5 e2 58. a6 e1=Q 59. Rf1 Qxf1# 0-1

[Event "Titled Tue 3rd Jan Late"]
[Site "chess.com INT"]
[Date "2025.06.03"]
[Round "10"]
[White "Ghafourian, Amir Ali"]
[Black "Mekhitarian, Krikor Sevag"]
[Result "0-1"]
[WhiteTitle "CM"]
[BlackTitle "GM"]
[WhiteElo "2111"]
[BlackElo "2564"]
[WhiteFideId "12533831"]
[BlackFideId "2107660"]
[EventDate "2025.06.03"]

1. f4 c5 2. b3 d5 3. e3 Nh6 4. Bb2 f6 5. c4 d4 6. Qh5+ Nf7 7. Qxc5 e5 8. Qd5 Qc7
9. Nf3 Nc6 10. fxe5 Nb4 11. Qe4 f5 12. Qh4 dxe3 13. Na3 exd2+ 14. Nxd2 Be6 15.
O-O-O Nxa2+ 16. Kb1 Nb4 17. Nf3 Be7 18. Qg3 O-O 19. Nd4 Nd8 20. Be2 Nbc6 21.
Nab5 Qb6 22. Nxe6 Nxe6 23. Bf3 a6 24. Nd6 Kh8 25. Bd5 Ncd8 26. Rhf1 g6 27. Qc3
a5 28. g4 a4 29. gxf5 gxf5 30. b4 a3 31. Ba1 a2+ 32. Kc2 Bg5 33. Rxf5 Rxf5 34.
Nxf5 Qf2+ 35. Rd2 Bxd2 36. Qxd2 Qxf5+ 37. Kb3 Nc6 38. Bxe6 Qxe6 39. Qd5 Re8 40.
Qxe6 Rxe6 41. Kxa2 Nxe5 42. Kb2 Nxc4+ 43. Kb3+ Ne5 44. Ka4 Kg8 45. Kb5 Kf7 46.
Kc5 Nd3+ 47. Kd5 Nf2 48. Bd4 Ng4 49. h3 Nh6 50. b5 Nf5 51. Bc5 Ne7+ 52. Kc4 Kg6
53. h4 Kf5 54. h5 h6 55. Kb4 Nc8 56. Ka5 b6+ 57. Bxb6 Nxb6 58. Kb4 Kg5 59. Ka5
Kxh5 60. Kb4 Kg5 0-1

[Event "Titled Tue 3rd Jan Late"]
[Site "chess.com INT"]
[Date "2025.06.03"]
[Round "10"]
[White "Dobre, Claudiu-Cristian"]
[Black "Lymar, Vladislav"]
[Result "1-0"]
[WhiteTitle "IM"]
[BlackTitle "CM"]
[WhiteElo "2265"]
[BlackElo "2216"]
[WhiteFideId "1211854"]
[BlackFideId "14162180"]
[EventDate "2025.06.03"]

1. d4 d5 2. Nf3 c5 3. c4 e6 4. cxd5 exd5 5. Nc3 Nf6 6. g3 Be7 7. Bg2 O-O 8. O-O
Nc6 9. Bg5 cxd4 10. Nxd4 Bg4 11. h3 Be6 12. Rc1 Qd7 13. Be3 Bxh3 14. Nxc6 bxc6
15. Na4 Bxg2 16. Kxg2 Rab8 17. Bc5 Rfe8 18. Qc2 Bxc5 19. Nxc5 Qg4 20. e3 Re5 21.
b3 Rc8 22. Qd1 Qf5 23. Qf3 Qxf3+ 24. Kxf3 Rf5+ 25. Kg2 h5 26. Rc2 Ng4 27. Rfc1
g6 28. Nd3 Rf6 29. Nb4 Kg7 30. Nxd5 cxd5 31. Rxc8 Rxf2+ 32. Kg1 Rf3 33. Kg2 Rxe3
34. R1c2 d4 35. Rd2 d3 36. Rd8 Ne5 37. Ra8 g5 38. Rxa7 h4 39. gxh4 gxh4 40. Ra4
h3+ 41. Kf2 Rf3+ 42. Kg1 f5 43. Rf2 Rxf2 44. Kxf2 h2 45. Kg2 Ng4 46. Rd4 d2 47.
Rxd2 Kf6 48. Re2 f4 49. Rb2 Kg5 50. b4 Kf5 51. b5 Ke4 52. Rb4+ Ke3 53. Rb3+ Ke2
54. b6 Ne3+ 55. Kxh2 f3 56. b7 f2 57. Rb2+ Kf3 58. Rxf2+ Kxf2 59. b8=Q Ng4+ 60.
Kh3 Ne3 61. Kh4 1-0

[Event "Titled Tue 3rd Jan Late"]
[Site "chess.com INT"]
[Date "2025.06.03"]
[Round "10"]
[White "Bratovic, Blaz"]
[Black "Harish, Neeraj"]
[Result "1-0"]
[WhiteTitle "IM"]
[BlackTitle "CM"]
[WhiteElo "2319"]
[BlackElo "2192"]
[WhiteFideId "14603551"]
[BlackFideId "30958130"]
[EventDate "2025.06.03"]

1. e4 c6 2. d4 d5 3. e5 Bf5 4. h4 h5 5. Bd3 Bxd3 6. Qxd3 Qa5+ 7. Nd2 e6 8. Nf3
Nh6 9. O-O Nf5 10. c4 Be7 11. a3 Nxh4 12. Nxh4 Bxh4 13. b4 Qd8 14. Nf3 Be7 15.
c5 Nd7 16. a4 a6 17. Bd2 Qc7 18. b5 cxb5 19. axb5 O-O 20. bxa6 Rxa6 21. Rxa6
bxa6 22. Qxa6 Nb8 23. Qb5 Nc6 24. Be3 Rb8 25. Qa6 f6 26. exf6 gxf6 27. Qd3 Kg7
28. Re1 Rg8 29. Bd2 Qd7 30. Qe3 Kf7 31. Qh6 f5 32. Qxh5+ Rg6 33. Ne5+ Nxe5 34.
Rxe5 Bf6 35. Re1 Bxd4 36. Be3 Bf6 37. c6 Qxc6 38. Rc1 Qd7 39. Bf4 e5 40. Bg3 f4
41. Bh4 Bxh4 42. Qxh4 Rc6 43. Re1 Qf5 44. Qh8 Re6 45. Qc8 e4 46. Qd7+ Kf6 47.
Qd8+ Kg6 48. Rc1 e3 49. Qg8+ Kf6 50. Qh8+ Ke7 51. Rc7+ Kd6 52. Qd8+ Ke5 53. Qh8+
Ke4 54. f3+ Kd3 55. Kf1 e2+ 56. Ke1 d4 57. Qa8 Ke3 58. Qa3+ d3 59. Qc3 Qe5 60.
Qd2+ Kd4 61. Qc3+ Ke3 62. Qd2+ Kd4 63. Qb2+ Ke3 64. Qb6+ Qd4 65. Qxe6+ 1-0

[Event "Titled Tue 3rd Jan Late"]
[Site "chess.com INT"]
[Date "2025.06.03"]
[Round "10"]
[White "Ghoreishi Amiri, Seyed Kian"]
[Black "Sharankov, Grigory"]
[Result "1/2-1/2"]
[WhiteTitle "CM"]
[BlackTitle "CM"]
[WhiteElo "2215"]
[BlackElo "2238"]
[WhiteFideId "36757527"]
[BlackFideId "4168356"]
[EventDate "2025.06.03"]

1. e4 e6 2. d4 d5 3. Nc3 Nc6 4. Nf3 Nf6 5. e5 Ne4 6. Bd3 Bb4 7. Bd2 Nxd2 8. Qxd2
f6 9. exf6 Qxf6 10. a3 Ba5 11. O-O O-O 12. Rae1 a6 13. b4 Bb6 14. Ne2 Bd7 15. c3
e5 16. dxe5 Nxe5 17. Nxe5 Qxe5 18. Nd4 Qf6 19. Kh1 c6 20. f4 Rae8 21. Rxe8 Rxe8
22. Qc2 Qh4 23. Bf5 Qxf4 24. Bxh7+ Kh8 25. Bd3 Qe3 26. Qd1 Bc7 27. Qh5+ Qh6 28.
Qxh6+ gxh6 29. Bf5 Rf8 30. g4 Be5 31. Kg2 Bxf5 32. Nxf5 Bxc3 33. Nxh6 Rxf1 34.
Kxf1 Bb2 35. Nf7+ Kg7 36. Nd8 Bxa3 37. Nxb7 Bxb4 38. Nd8 c5 39. Ne6+ Kf6 40. Nc7
Kg5 41. h3 Kh4 42. Kg2 a5 43. Nxd5 c4 44. Ne3 Kg5 45. Nc2 c3 46. Kg3 Bc5 47. h4+
Kf6 48. Kf4 Bd6+ 49. Ke4 Bg3 50. h5 Kg5 51. Kf3 Be5 52. Ke4 Bh8 53. Kf3 a4 54.
Na3 Bg7 55. Nc2 Bf8 56. Ke4 Kxg4 57. Kd3 Bg7 58. h6 Bh8 59. h7 Kh5 60. Kc4 Kg6
61. Kb4 Kxh7 62. Kxa4 Kg6 63. Kb4 Kf5 64. Kc4 Ke4 65. Kb3 Kd3 66. Nb4+ Kd2 67.
Nc2 Be5 68. Nb4 Bd6 69. Nc2 Be7 70. Nd4 Bd6 71. Nc2 Bc5 72. Na1 Bb6 73. Nc2 Bc5
74. Na1 Bb6 75. Kc4 Bc5 76. Kxc5 c2 77. Nb3+ Kc3 78. Nc1 Kd2 79. Nb3+ Kc3 80.
Nc1 Kd2 81. Na2 c1=Q+ 82. Nxc1 1/2-1/2

[Event "Titled Tue 3rd Jan Late"]
[Site "chess.com INT"]
[Date "2025.06.03"]
[Round "10"]
[White "Dubnevych, Maksym"]
[Black "Postny, Evgeny"]
[Result "0-1"]
[WhiteTitle "FM"]
[BlackTitle "GM"]
[WhiteElo "2292"]
[BlackElo "2525"]
[WhiteFideId "14184001"]
[BlackFideId "2804344"]
[EventDate "2025.06.03"]

1. Nc3 d5 2. e4 d4 3. Nce2 e5 4. c3 c5 5. Ng3 Nc6 6. Nf3 Bd6 7. Bc4 Nf6 8. O-O
O-O 9. d3 h6 10. a4 a6 11. Nh4 Ne7 12. h3 Bd7 13. a5 Bc7 14. cxd4 cxd4 15. Bd2
Rc8 16. Qf3 Kh7 17. Bb4 Qe8 18. Nhf5 Nxf5 19. Nxf5 Rh8 20. Bd2 Ng8 21. Rac1 g6
22. Ng3 Kg7 23. Bd5 Bc6 24. Bxc6 bxc6 25. Qe2 h5 26. f4 h4 27. Nh1 exf4 28. Bxf4
Bxa5 29. Nf2 Bc7 30. e5 Ne7 31. Bg5 Nd5 32. Ng4 Bd8 33. Bf6+ Bxf6 34. Nxf6 Qe6
35. Ng4 Rh5 36. Rf3 Kg8 37. Re1 c5 38. Qe4 Rd8 39. Rc1 Rc8 40. Qxd5 Qxd5 41.
Nf6+ Kg7 42. Nxd5 Rxe5 43. Nb6 Rc6 44. Nc4 Re2 45. Rcf1 f5 46. R3f2 Re7 47. Ra1
Rce6 48. Rc2 Kh6 49. Kf2 Kg5 50. Ra5 Kf4 51. Rxc5 Re1 52. Nb6 Re8 53. Nd5+ Kg5
54. Nc7 R8e3 55. R5c4 Rh1 56. Rxd4 Ree1 57. Re2 Rhf1+ 58. Ke3 Rd1 59. Ne6+ Kf6
60. Nf4 g5 61. Nd5+ Ke5 62. Nc3 f4+ 63. Rxf4 gxf4# 0-1

[Event "Titled Tue 3rd Jan Late"]
[Site "chess.com INT"]
[Date "2025.06.03"]
[Round "10"]
[White "Ivashentseva, Dominika"]
[Black "Becking, Stephan"]
[Result "0-1"]
[WhiteTitle "WCM"]
[BlackTitle "IM"]
[WhiteElo "1921"]
[BlackElo "2410"]
[WhiteFideId "34331050"]
[BlackFideId "4632478"]
[EventDate "2025.06.03"]

1. d4 d5 2. c4 e6 3. Nf3 Nf6 4. g3 c6 5. Bg2 a6 6. cxd5 exd5 7. O-O Bf5 8. Ne5
Nbd7 9. Bf4 Nxe5 10. Bxe5 Nd7 11. Bf4 Be7 12. Re1 O-O 13. Nc3 Bb4 14. Qb3 Qa5
15. e4 Bxe4 16. Bxe4 dxe4 17. Rxe4 Bxc3 18. bxc3 Nf6 19. Re5 b5 20. a4 Nd5 21.
c4 bxc4 22. Qxc4 Rac8 23. Rd1 Qb6 24. Bd2 Rfd8 25. Rc1 h6 26. a5 Qb2 27. Be3 Qa3
28. Bd2 Qb2 29. Re2 Qb5 30. Qxb5 cxb5 31. Ree1 b4 32. Rb1 Rc4 33. Be3 Nxe3 34.
fxe3 Rd5 35. Ra1 Rb5 36. Re2 b3 37. Rb1 Rc2 38. Kf2 Rc3 39. Reb2 f5 40. Ke2 Kf7
41. Kd2 Rc6 42. Rxb3 Rxa5 43. R1b2 Re6 44. Rb7+ Kf6 45. R7b3 Rd5 46. Ke2 Rxd4
47. Rb6 Re4 48. Rxe6+ Rxe6 49. Kf3 g5 50. h3 a5 51. Rb8 Ra6 52. Rf8+ Kg6 53.
Rg8+ Kf7 54. Rb8 a4 55. Ke2 a3 56. Rb1 a2 57. Ra1 Ra3 58. Kd2 Ke6 59. g4 fxg4
60. hxg4 Ke5 61. Kc2 Ke4 62. Kb2 Ra8 63. Rh1 a1=Q+ 64. Rxa1 Rxa1 65. Kxa1 Kxe3 0-1

[Event "Titled Tue 3rd Jan Late"]
[Site "chess.com INT"]
[Date "2025.06.03"]
[Round "10"]
[White "Hartge, Gedeon"]
[Black "Atanasov, Anthony"]
[Result "0-1"]
[WhiteTitle "FM"]
[BlackTitle "IM"]
[WhiteElo "2328"]
[BlackElo "2402"]
[WhiteFideId "12932116"]
[BlackFideId "2623897"]
[EventDate "2025.06.03"]

1. e4 e5 2. Nf3 Nf6 3. Nxe5 d6 4. Nf3 Nxe4 5. c4 Be7 6. Nc3 Nf6 7. d4 Bf5 8. Bd3
Bxd3 9. Qxd3 O-O 10. O-O d5 11. c5 Nc6 12. Re1 Re8 13. h3 b6 14. cxb6 axb6 15.
a3 h6 16. Bf4 Na5 17. Nb5 Rc8 18. b4 Nc4 19. Ne5 Nxe5 20. dxe5 Nh7 21. Na7 Ra8
22. Nc6 Qd7 23. Rac1 Nf8 24. Red1 Ne6 25. Bg3 Bg5 26. Rc3 Bf4 27. Qxd5 Qxd5 28.
Rxd5 Bxg3 29. fxg3 Ra4 30. Nd4 Nxd4 31. Rxd4 Rxe5 32. Rxc7 Rxa3 33. Rd8+ Kh7 34.
Rxf7 Rxg3 35. Rd6 Reg5 36. Rf2 Rb5 37. Rd4 Rb3 38. Rff4 Rg5 39. Kh2 h5 40. Rf3
Rxf3 41. gxf3 Re5 42. Kg3 Re2 43. h4 Rb2 44. Kf4 b5 45. Kg5 Rg2+ 46. Kf5 Rf2 47.
Kf4 Rc2 48. Kg3 Rc4 49. Rxc4 bxc4 50. Kf2 c3 51. Ke2 g5 52. b5 gxh4 53. b6 c2
54. Kd2 c1=Q+ 55. Kxc1 h3 56. b7 h2 57. b8=Q h1=Q+ 58. Kd2 Qg2+ 59. Ke3 Qg1+ 60.
Ke4 Qe1+ 61. Kf5 Qe7 62. Qf4 h4 63. Kg4 Qg7+ 64. Kxh4 Qe7+ 65. Kg4 Qe1 66. Qf5+
Kg7 67. Qg5+ Kf7 68. f4 Qe2+ 69. Kf5 Qe6# 0-1

[Event "Titled Tue 3rd Jan Late"]
[Site "chess.com INT"]
[Date "2025.06.03"]
[Round "10"]
[White "Paravyan, David"]
[Black "Askarov, Bakhtiyar"]
[Result "1-0"]
[WhiteTitle "GM"]
[BlackTitle "IM"]
[WhiteElo "2596"]
[BlackElo "2300"]
[WhiteFideId "4194985"]
[BlackFideId "13701100"]
[EventDate "2025.06.03"]

1. d4 Nf6 2. c4 c5 3. d5 b5 4. cxb5 a6 5. bxa6 g6 6. Nc3 Bg7 7. e4 d6 8. Nf3 O-O
9. a7 Rxa7 10. Be2 Ba6 11. O-O Nbd7 12. Re1 Qa5 13. Bd2 Bxe2 14. Rxe2 Qa6 15. e5
Ng4 16. exd6 exd6 17. Bf4 Nge5 18. Nxe5 Nxe5 19. Ne4 Re8 20. Qc2 f5 21. Nc3 Rb8
22. Rd1 Rab7 23. b3 c4 24. Bxe5 Bxe5 25. Re3 cxb3 26. axb3 Rxb3 27. Ne2 Rxe3 28.
fxe3 Rc8 29. Qd3 Qa2 30. Rd2 Qa1+ 31. Rd1 Qb2 32. Rd2 Qb4 33. g3 h5 34. Kg2 Kh7
35. Rc2 Rxc2 36. Qxc2 Qe1 37. Qd3 h4 38. Nf4 Kh6 39. Qe2 Qb1 40. gxh4 Qe4+ 41.
Qf3 Qc2+ 42. Kh3 Qc1 43. Qg3 Bxf4 44. Qxf4+ Kh7 45. h5 Qe1 46. hxg6+ Kxg6 47.
Qxd6+ Kh5 48. Qf4 Qe2 49. Qxf5+ Kh6 50. Qf4+ Kh7 51. d6 Qd3 52. Kg3 Qd5 53. Qh4+
Kg6 54. Qg4+ Kf6 55. Qf3+ Qxf3+ 56. Kxf3 Ke6 57. Kf4 Kxd6 58. Kf5 Ke7 59. e4 Kf8
60. e5 Kf7 61. e6+ Ke7 62. Ke5 Ke8 63. Kf6 Kf8 64. e7+ Ke8 65. h4 Kd7 66. Kf7
Kd6 67. e8=Q Kd5 68. Qe6+ Kd4 69. h5 Kd3 70. h6 Kd2 71. h7 Kd1 72. h8=Q Kc1 73.
Qd8 Kb1 74. Qc6 Ka1 75. Qb8 Ka2 76. Qca8# 1-0

[Event "Titled Tue 3rd Jan Late"]
[Site "chess.com INT"]
[Date "2025.06.03"]
[Round "10"]
[White "Gurevich, Dmitry"]
[Black "Alizadeh, Mohammad Mahdi"]
[Result "1-0"]
[WhiteTitle "GM"]
[BlackTitle "CM"]
[WhiteElo "2347"]
[BlackElo "2015"]
[WhiteFideId "2000407"]
[BlackFideId "22598820"]
[EventDate "2025.06.03"]

1. d4 Nf6 2. c4 e6 3. Nc3 d5 4. Bf4 Be7 5. e3 O-O 6. Nf3 c5 7. dxc5 dxc4 8. Bxc4
Bxc5 9. Qe2 b6 10. O-O Bb7 11. Bg5 h6 12. Bh4 Qe7 13. e4 g5 14. Nxg5 hxg5 15.
Bxg5 e5 16. Nd5 Bxd5 17. Bxd5 Nbd7 18. Bxa8 Rxa8 19. Rad1 Qe6 20. Kh1 Nf8 21.
Rd3 Ng6 22. Rfd1 Kg7 23. Rd8 Rxd8 24. Rxd8 Ng4 25. h3 Nxf2+ 26. Kh2 f6 27. Be3
Nxe4 28. Ra8 Qd7 29. Qa6 Bxe3 30. Rxa7 Bf4+ 31. Kg1 Be3+ 32. Kh2 Qxa7 33. Qxa7+
Kh6 34. a4 Nd2 35. a5 Bf4+ 36. Kh1 bxa5 37. Qxa5 e4 38. b4 e3 39. Qa6 Nf1 40.
Qxf1 Kg5 41. Qe2 f5 42. b5 Ne7 43. b6 Ng8 44. b7 Nf6 45. g3 Bxg3 46. Qxe3+ Bf4
47. Qxf4+ Kxf4 48. b8=Q+ Kg5 49. Qg3+ Kh6 50. h4 Ne4 51. Qf4+ Kg6 52. h5+ Kxh5
53. Qxf5+ Ng5 54. Kg2 Kh4 55. Qf4+ Kh5 56. Kg3 Kg6 57. Kg4 Nf7 58. Qf5+ Kg7 59.
Kh5 Kf8 60. Qf6 Ke8 61. Kg6 Nd8 62. Qg7 Nc6 63. Kf6 Kd8 64. Ke6 Kc8 65. Kd6 1-0